Sử thi Thái
v.v...
Đã lưu trong:
| Tác giả chính: | |
|---|---|
| Định dạng: | Sách |
| Năm xuất bản: |
H.
Khoa học xã hội
2013
|
| Chủ đề: | |
| Tags: |
Thêm thẻ
Không có thẻ, Hãy là người đầu tiên gắn thẻ bản ghi này!
|
| LEADER | 00562nam a2200169 4500 | ||
|---|---|---|---|
| 082 | |a 398.209597 |b PH105Đ | ||
| 100 | |a Phan Đăng Nhật | ||
| 245 | |a Sử thi Thái |c Phan Đăng Nhật | ||
| 260 | |a H. |b Khoa học xã hội |c 2013 | ||
| 300 | |a 421 tr. |c 21 cm | ||
| 520 | |a v.v... | ||
| 653 | |a Văn học dân gian Việt Nam | ||
| 653 | |a Sử thi | ||
| 653 | |a Dân tộc Thái | ||
| 942 | |2 ddc |c SH | ||
| 999 | |c 8166 |d 8166 | ||
| 952 | |0 0 |1 0 |2 ddc |4 0 |6 398_209597000000000_PH105Đ |7 0 |8 300 |9 69263 |a qbu |b qbu |c D2 |d 2015-04-03 |o 398.209597 PH105Đ |p 7724.c1 |r 0000-00-00 |w 2015-04-03 |y SH | ||